Diagnóza úplatky

Zdravotníctvo je dlhodobo považované za najskorumpovanejšie odvetvie. Lekári pritom na peniaze od pacientov odkázaní nie sú. Potvrdzujú to aj čísla z Finstatu, podľa ktorých je väčšina ambulancií v zisku. Odstrániť korupciu na úrovni lekár - pacient by mohlo zavedenie finančnej spoluúčasti za zdravo...

Description complète

Enregistré dans:
Détails bibliographiques
Auteur principal: Hunková, Mária
Format: Chapitre de livre
Langue:slovaque
Sujets:
Tags: Ajouter un tag
Pas de tags, Soyez le premier à ajouter un tag!

MARC

LEADER 00000naa a2200000 4500
001 0198404
005 20231113102631.6
041 0 |a slo 
044 |a SK 
245 1 0 |a Diagnóza úplatky  |c Mária Hunková 
520 |a Zdravotníctvo je dlhodobo považované za najskorumpovanejšie odvetvie. Lekári pritom na peniaze od pacientov odkázaní nie sú. Potvrdzujú to aj čísla z Finstatu, podľa ktorých je väčšina ambulancií v zisku. Odstrániť korupciu na úrovni lekár - pacient by mohlo zavedenie finančnej spoluúčasti za zdravotnú starostlivosť. 
610 2 0 |a zdravotníctvo verejné 
610 2 0 |a starostlivosť zdravotná 
610 2 0 |a korupcia 
610 2 0 |a úplatkárstvo 
610 2 0 |a mzdy 
610 2 0 |a lekári 
100 1 |a Hunková, Mária